| 000 | 01459nam a2200361 a 4500 | ||
|---|---|---|---|
| 001 | 000004646 | ||
| 005 | 20251127082331.0 | ||
| 008 | 090724s1997 dr a 001 0 spa d | ||
| 020 | _a8492389389 | ||
| 040 |
_aDO-SdBNP _bspa _cBNPHU |
||
| 082 |
_a361.80 _bC379t |
||
| 110 | 2 |
_aCentro Cultural Poveda. _96374 |
|
| 245 | 1 | 0 |
_aTalleres de animación sociocultural / _cMonserrat Bobés í Solá, María del Pilar Cachofeiro Ramos, María del Frutos Dachs, María Neus Edo í Ximénes, Oliver Klein Bosquet, Blanca Pastó í Serra. |
| 260 |
_aSanto Domingo : _bCentro Cultural Poveda, _c1997. |
||
| 300 |
_a69 p. : _bil. ; _c27 cm. |
||
| 490 | 1 |
_aCuadernos de Sociedad y Educación _v7 |
|
| 590 | _aInventariado, 2018/ YL | ||
| 504 | _aIncluye bibliografía y notas al pie de páginas. | ||
| 504 | _aBibliografía: p. 66-69. | ||
| 650 | 4 |
_aAnimación cultural _92490 |
|
| 650 | 4 |
_aParticipación cultural _92491 |
|
| 650 | 0 |
_aDesarrollo de la comunidad _9453 |
|
| 650 | 4 |
_aDinámica de grupos _913555 |
|
| 650 | 0 |
_aParticipación social _977777 |
|
| 700 | 1 |
_aBobés í Solá, Monserrat _913556 |
|
| 700 | 1 |
_aCachofeiro Ramos, María del Pilar _913557 |
|
| 700 | 1 |
_aFrutos Dachs, María Isabel de _913558 |
|
| 700 | 1 |
_aEdo í Ximénes, María Neus _913559 |
|
| 700 | 1 |
_aKlein Bosquet, Oliver _913560 |
|
| 700 | 1 |
_aPastó í Serra, Blanca _913561 |
|
| 830 | 0 |
_aCuadernos de Sociedad y Educación _n7 _913562 |
|
| 910 | _aValidado. Control de calidad EMS | ||
| 999 |
_c4452 _d4452 |
||